Регионална библиотека "Любен Каравелов" - Русе

Концертные произведения советских композиторов (Запис номер 368506)

MARC детайли
000 -Лидер
Контролно поле с фиксирана дължина 00992ncm a2200265 a 4500
003 - Код на организацията, давaща контролен номер
Контролно поле BLK
005 - Дата и час на последна редакция
Контролно поле 20250128005534.0
008 - Елементи от данни с фиксирана дължина
fixed length control field 180414b bul |a|er|||| |0| c|bulo|
040 ## - Източник на каталожния запис
Идентификатор на билиотеката - собственик на записа BLK
041 ## - Код за език
Код за езика на текст/звукозапис или на отделно заглавие Руски
Код за езика КДБФ Руски
080 ## - УДК
Текстов определител УДК Музика за пиано
УДК код - определител по УДК 786.2
УДК - код + определител 786.2
139 ## - Редно поле
Редна дума Концертные произведения советских композиторов
Авторски знак Кон - К 81
245 10 - Сведения за заглавието
Заглавие Концертные произведения советских композиторов
Подзаглавни данни Для фортепиано
Том Вып. 3
Редно поле (дума) состав. М. Банк
257 ## - Страна на издаване
Страна на създаване/издаване Русия
260 ## - Област на издателските данни
Място на издаване, разпространение и проч. Москва
Име на издателя, разпространителя и проч. Музыка
Година на издаване 1984
300 ## - Физическа характеристика
Страници 96 с.
Размери/Мащаб 29 см
380 ## - Жанр
Жанр Изкуство
650 #0 - Допълнително описание по предмет – тема
Основно описание – тема или топоним Пиано - композиции
9 (RLIN) 275984
700 ## - Други автори (авторска отговорност)
Лично име Банк, Михаил Йосифович
Автороска отговорност (Описва отношението между автора и произведението) състав.
9 (RLIN) 415394
852 ## - Местоположение
Форматна сигнатура Цб М II 9780
Фондова буква Хранилище
856 4# - Електронен адрес и достъп
Електронен формат pdf - файл
Път до файла /url/
856 4# - Електронен адрес и достъп
Електронен формат pdf - файл
Път до файла /url/
999 ## - СИСТЕМНИ КОНТРОЛНИ НОМЕРА
Koha biblionumber 368506
Koha biblioitemnumber 368506
942 ## - АРТИКУЛИ
Вид на библиотечния материал Нотни издания
Скрит в OPAC Не
Периодичен библиозапис Да
944 ## - СЪЗДАВАНЕ И РЕДАКЦИЯ на ЗАПИСА
Създаване/Редакция Създаване
Дата на регистрацията/редакция 2020-06-15
Служител, извършил регистрацията/редакцията
Статус, дата на статуса CRON CRON
Наличности
Код за отписване Код за изгубен артикул Източник на класификационната схема Код за повреда Коз за рестрикции Код за отдаване Артикулен № Име на библиотеката - собственик Име на библиотеката, в която се намира в момента Статус (Текущо местоположение) Дата на вписване в системата Местоположение - отдел Цена в лева Инвентарен номер Систематично азбучна сигнатура Баркод Цена в евро Служебен тип на артикула
  Не е изгубен Universal Decimal Classification Не е повреден само за читалня ползва се в читалня 776531 Регионална библиотека "Любен Каравелов" Русе Регионална библиотека "Любен Каравелов" Русе Хранилище 2020-06-15 Хранилище 1.76 422639 Цб М ІІ 9780 900000021402 0.90 Нотни издания
Vip Innovations Ltd, Rousse, Bulgaria 2025